000
00314 a2200145 4500
001
121866
020
_a
9788540312319
040
_c
Escola Canadense de Niteroi
100
_a
Pernambuco, Heitor
245
1
0
_a
Geografia sem fronteiras 9
300
_b
il.
362
0
_a
2018
650
4
_a
Geografia
942
_c
BK
999
_c
121866
_d
121866